असंही (Record no. 463258)

MARC details
000 -LEADER
fixed length control field 00426nam a2200145Ia 4500
008 - FIXED-LENGTH DATA ELEMENTS--GENERAL INFORMATION
fixed length control field 100204s9999 xx 000 0 und d
082 ## - DEWEY DECIMAL CLASSIFICATION NUMBER
Item number 18835
100 ## - MAIN ENTRY--PERSONAL NAME
Personal name तेंडुलकर प्रिया
245 ## - TITLE STATEMENT
Title असंही
260 ## - PUBLICATION, DISTRIBUTION, ETC. (IMPRINT)
Name of publisher, distributor, etc "डिंंप्ंाल पब्लिकेशन, ठाणे"
Date of publication, distribution, etc 1996
300 ## - PHYSICAL DESCRIPTION
Extent 158
630 ## - SUBJECT ADDED ENTRY--UNIFORM TITLE
Uniform title असंही
730 ## - ADDED ENTRY--UNIFORM TITLE
Uniform title असंही
942 ## - ADDED ENTRY ELEMENTS (KOHA)
Koha item type Book
Holdings
Withdrawn status Lost status Damaged status Not for loan Home library Current library Date acquired Cost, normal purchase price Total Checkouts Full call number Barcode Date last seen Cost, replacement price Price effective from Koha item type Public note
        N. C. Kelkar Sarvajanik Library, Mulund N. C. Kelkar Sarvajanik Library, Mulund 02/04/2010 90.00   18835 NCKMULUND-18835 02/04/2010 90.00 02/04/2010 Book 3)अनामत जप्त